Central Library OPAC University of Rajshahi

এক সমুদ্র ভালবাসা / (Record no. 52420)

MARC details
000 -LEADER
fixed length control field 00824nam a22002297a 4500
001 - CONTROL NUMBER
control field 52420
003 - CONTROL NUMBER IDENTIFIER
rucl marc code BD-RjUL
005 - DATE AND TIME OF LATEST TRANSACTION
control field 20211209075813.0
008 - FIXED-LENGTH DATA ELEMENTS--GENERAL INFORMATION
fixed length control field 160920s1991 bg ||||| |||| 00| 0 ben d
020 ## - INTERNATIONAL STANDARD BOOK NUMBER
Terms of availability : TK 30.00
035 ## - SYSTEM CONTROL NUMBER
System control number (BD-RjUL)52540
040 ## - CATALOGING SOURCE
Original cataloging agency BD-RjUL
Language of cataloging ben
Transcribing agency BD-RjUL
041 ## - LANGUAGE CODE
Language code of text/sound track or separate title ben
082 ## - DEWEY DECIMAL CLASSIFICATION NUMBER
Edition number 23
Classification number 891.441
Author mark and year SHE 1991
100 ## - MAIN ENTRY--PERSONAL NAME
Personal name শিরীন, নুরুন নাহার খানম
9 (RLIN) 156824
245 10 - TITLE STATEMENT
Title এক সমুদ্র ভালবাসা /
Statement of responsibility, etc. নুরুন নাহার খানম শিরীন
260 ## - PUBLICATION, DISTRIBUTION, ETC. (IMPRINT)
Place of publication, distribution, etc. ঢাকা :
Name of publisher, distributor, etc. ভূমিকা প্রকাশন,
Date of publication, distribution, etc. ১৯৯১
300 ## - PHYSICAL DESCRIPTION
Pagination ৪৮ পৃ. ;
Size ২১ সেমি.
650 ## - SUBJECT ADDED ENTRY--TOPICAL TERM
Topical term or geographic name as entry element বাংলা কবিতা
9 (RLIN) 156825
Topical term or geographic name as entry element Bengali Poetry
9 (RLIN) 156826
942 ## - ADDED ENTRY ELEMENTS (KOHA)
Source of classification or shelving scheme Dewey Decimal Classification
Koha item type Books
Holdings
Lost status Source of classification or shelving scheme Damaged status Not for loan Collection code Permanent Location Current Location Shelving location Date acquired Source of acquisition Total Checkouts Full call number Date last seen Date checked out Copy number Koha item type
  Dewey Decimal Classification     Non-fiction Central Library, University of Rajshahi Central Library, University of Rajshahi   05/06/1991 Nurul islam, dhaka 1 B 891.441 SHE 1991 02/04/2017 03/01/2017 C-2 Books